| 000 | 00429nam a2200133Ia 4500 | ||
|---|---|---|---|
| 008 | 231129s9999||||xx |||||||||||||| ||spa|| | ||
| 020 | _a950-15-1981-3 | ||
| 040 | _bspa | ||
| 082 | _aU813 H474m | ||
| 100 | _aHelfer Ralph | ||
| 245 | 0 | _aModoc: Un hombre una elefanta y una amistad que desafío el tiempo y las fronteras | |
| 264 | _aJavier Vergara Editor Grupo Zeta | ||
| 942 |
_2ddc _cBKS |
||
| 999 |
_c21352 _d21352 |
||